| 000 | 00700nam a2200241 a 4500 | ||
|---|---|---|---|
| 008 | |||
| 020 | _a0827316283 (cased) | ||
| 049 | _aMAIN | ||
| 090 | 0 | _aHF5635 | |
| 100 | 1 | _aFlesher, Dale L. | |
| 245 | 1 | 0 |
_aAccounting principles for midmanagement / _cDale L. Flesher and Tonya K. Flesher. |
| 260 |
_aAlbany : _bDelmar Publishers, _cc1980. |
||
| 300 |
_aviii, 454 p. : _bill. ; _c28 cm. |
||
| 500 | _aIncludes index. | ||
| 650 | 0 | _aManagerial accounting. | |
| 650 | 0 | _aAccounting. | |
| 700 | 1 | _aFlesher, Tonya K. | |
| 907 |
_a.b10106595 _b26-01-07 _c14-01-04 |
||
| 003 | |||
| 005 | 20230123133602.0 | ||
| 040 | _cNUST | ||
| 942 |
_cBOOKS _kHF5635 |
||
| 999 |
_c151142 _d151142 |
||